Statistics for Pixar characters

Click here to take the quiz!

General Stats

  • This quiz has been taken 32 times
  • The average score is 6 of 12

Answer Stats

Answer% Correct
Sully
97%
Bo Peep
73%
Merida
73%
Carl
57%
Edna Mode
47%
Stinky Pete
47%
Gabby Gabby
43%
Flik
30%
Alberto
23%
Anton Ego
23%
Colette
23%
Crash
13%

Score Distribution

Percentile by Number Answered

Percent of People with Each Score

Your Score History

You have not taken this quiz